000 00387nam a2200145Ia 4500
008 230711s9999||||xx |||||||||||||| ||und||
041 _aENG
082 _a4
_bLI-D
100 _aLipschutz ,Seymour
245 0 _aTheory and problems of data structure
250 _a1st Ed.
260 _c1986
_aNew Delhi
_bTata McGraw Hill Education Limited
650 _aComputer Engineering
942 _cBK
999 _c8374
_d8374